000 nam a22 a 4500
999 _c672
_d672
003 AKMAL
005 20170504150127.0
008 170504s1994 my 00 eng d
020 _a9838970344 (pbk):
_cRM 25.00
040 _aAKMAL
082 _a158.1 ZIG
090 _a158.1
_bZIG
100 1 _aZiglar, Zig
_91448
245 1 0 _aOver the top /
_cZig Ziglar
250 _aMalaysia ed
260 _aPetaling Jaya :
_bGlad Sounds,
_c1994
300 _ax, 278p. ;
_c23cm
650 _aSuccess
_92
650 _aConduct of life
_9472
942 _2ddc
_cBOOK